Statistiques concernant Personnages qui battent Gandalf

Cliquez ici pour prendre le quiz!

Statistiques générales

  • Ce quiz a été pris 321 fois
  • Le résultat moyen est 8 sur 13

Statistiques - réponses

RangCatégoriePersonnages% Correct
3Plus mentionné dans les livres (SDA)Frodon | Sam
93%
4Plus à l'écran dans les fims (SDA)Frodon | Sam | Aragorn
93%
3Plus deviné sur JetPunkFrodon | Bilbon
87%
2Premier surnommé "Le Blanc"Saroumane
87%
3Plus mentionné dans le livre (Le Hobbit)Bilbon | Thorin
84%
2Plus apprécié par les fans*Aragorn
75%
2Parlant le plus (Le Hobbit, films)Bilbon
74%
3Plus mentionné dans les livres (SDA+Hobbit)Frodon | Sam
72%
3Joué par l'acteur le plus âgé (SDA)Saroumane | Aldor | Bilbon
72%
5Premier Istari à arriver en Terre du MilieuSaroumane | Radagast | Alatar | Pallando
60%
2Premier porteur de NaryaCírdan
8%
2Premier à porter ce nom (brouillons de Tolkien)Thorin
4%
2Premier propriétaire de GlamdringTurgon
2%

Distribution des résultats

Percentile par nombre de réponses

% des personnes avec chaque résultat

Votre développement - résultats

Vous n’avez pas pris ce quiz